Worlds together, worlds apart: a history of the modern world from the mongol empire to the present (Record no. 2779)

MARC details
000 -LEADER
fixed length control field 00458nam a2200157Ia 4500
020 ## - INTERNATIONAL STANDARD BOOK NUMBER
ISBN 0-393-97746-3
082 ## - DEWEY DECIMAL CLASSIFICATION NUMBER
Classification number 908 WOR-
245 #0 - TITLE STATEMENT
Title Worlds together, worlds apart: a history of the modern world from the mongol empire to the present
260 ## - PUBLICATION, DISTRIBUTION, ETC. (IMPRINT)
Place of publication New York
Name of publisher W.W. Norton
Year of publication 2002
300 ## - PHYSICAL DESCRIPTION
Number of Pages xxx, 511p.
650 ## - SUBJECT ADDED ENTRY--TOPICAL TERM
Topical Term Civilization, Medieval
650 ## - SUBJECT ADDED ENTRY--TOPICAL TERM
Topical Term History, Modern
650 ## - SUBJECT ADDED ENTRY--TOPICAL TERM
Topical Term World History
700 ## - ADDED ENTRY--PERSONAL NAME
Personal name Robert Tignor...[et al.].
942 ## - ADDED ENTRY ELEMENTS (KOHA)
Koha item type Books
Holdings
Withdrawn status Lost status Damaged status Not for loan Home library Current library Date acquired Bill Date Full call number Accession Number Price effective from Koha item type
        NASSDOC Library NASSDOC Library 08/06/2004 2004-10-05 908 WOR- 38600 18/04/2019 Books